Board Games Based on TV Shows Quiz Stats

 Plays Quiz Updated Jul 18, 2016

Challenge
Share
Tweet
Score 0/24 Timer 07:00
0 Plays Today
% Correct
The Flintstones (The Flintstones Game)
98.8%
The Jetsons (The Jetsons Game)
88.7%
Happy Days (Happy Days: Fonzie's Real Cool Game)
87.9%
Mork & Mindy (Mork & Mindy Game)
87.9%
The Muppet Show (The Muppet Show Board Game of the Stars)
87.6%
The A-Team (The A-Team: B.A. Lends a Hand in the Race for the Formula)
84.5%
Family Matters (Do the Urkel!)
81.9%
Bewitched (Bewitched: The Samantha and Endora Game)
81.4%
Gilligan's Island (Gilligan's Island Game)
81%
The Dukes of Hazzard (The Dukes of Hazzard Card Game)
78.6%
Charlie's Angels (Charlie's Angels Game)
77.9%
The Partridge Family (The Partridge Family Game)
75.1%
% Correct
Star Trek (Settlers of Catan: Star Trek Catan)
74.9%
All in the Family (All in the Family Archie Bunker's Card Game)
71.1%
The Flying Nun (The Flying Nun Game)
68.6%
Murder, She Wrote (Murder, She Wrote: A Game of Strategy and Pursuit)
66.6%
The Addams Family (The Addams Family Game)
64.6%
Columbo (Columbo Detective Game)
63%
The Six Million Dollar Man (The Six Million Dollar Man)
58.7%
Doctor Who (War of the Daleks)
53.8%
The Waltons (The Waltons Game)
43.4%
Battlestar Galactica (Battlestar Galactica: The Board Game)
35.7%
Emergency! (The Emergency! Game)
33.3%
Barney Miller (Barney Miller with the 12th Precinct Gang)
24.9%

You're not logged in!

Compare scores with friends on all Sporcle quizzes.
Join for Free
OR
Log In

You Might Also Like...

Show Comments

Extras

Top Quizzes Today


Score Distribution

Your Account Isn't Verified!

In order to create a playlist on Sporcle, you need to verify the email address you used during registration. Go to your Sporcle Settings to finish the process.

Report this User

Report this user for behavior that violates our Community Guidelines.

Details: